TRANSCOM 2011 9-th European Conference of Young Research and Scientific Workers : under the auspices of Ing. Eugen Jurzyca, Minister of Education, Science, Research and Sport of the Slovak Republic & Prof. Ing. Tatiana Čorejová, PhD. Rector of the University of Žilina : Žilina, June 27-29, 2011 : Slovak Republic : [proceedings] Section 1 Transport and communications technology

Bibliographic Details
Corporate Author: TRANSCOM Žilina, Slovensko
Other Authors: Vrábel, Ján (Editor), Brída, Peter (Editor)
Format: Conference Proceeding Book
Language:English
PhysicalDescription:246 s. fotogr., grafy, sch., tab. 21 cm
Published: Žilina University of Žilina Edis c2011
ISBN:9788055403694 (brož.)
Edition:1st ed.
Subjects:

MARC

LEADER 00000cam a2200000 a 4500
001 vtls010322220
003 SK-MaSNL
005 20260301032153.0
008 160610s2011 xo dao f n 100 0 eng
015 |a SNBA2013/10 
020 |a 9788055403694 (brož.) 
035 |a 6136E37C-F9B1-48AC-AAB1-743E281BF420 
035 |a urn:nbn:sk:snk-amlep5 
035 |a urn:nbn:sk:snk-am008yow 
040 |a SNK  |b slo  |c SNK  |e AACR2 
041 0 |a eng  |b eng 
044 |a xo  |c SK 
072 7 |a 656  |x Doprava  |2 konspekt 
072 7 |a 621.39  |x Oznamovacia technika  |2 konspekt 
080 |a 656  |2 2001 
080 |a 621.39+004.7  |2 2001 
080 |a (062.534)  |2 2001 
111 2 |a TRANSCOM  |n (9. :  |d 2011 :  |c Žilina, Slovensko)  |9 328992 
245 1 0 |a TRANSCOM 2011  |b 9-th European Conference of Young Research and Scientific Workers : under the auspices of Ing. Eugen Jurzyca, Minister of Education, Science, Research and Sport of the Slovak Republic & Prof. Ing. Tatiana Čorejová, PhD. Rector of the University of Žilina : Žilina, June 27-29, 2011 : Slovak Republic : [proceedings]  |n Section 1  |p Transport and communications technology  |c [edited by: Ján Vrábel, Peter Brída] 
246 3 0 |a Transport and communications technology 
250 |a 1st ed. 
260 |a Žilina  |b University of Žilina  |b Edis  |c c2011 
300 |a 246 s.  |b fotogr., grafy, sch., tab.  |c 21 cm 
504 |a Bibliogr. odkazy 
546 |a Res. angl. 
650 0 7 |a doprava  |2 SNKPH  |9 1777 
650 0 7 |a komunikačné technológie  |2 SNKPH  |9 1529 
650 0 7 |a Transportation  |2 SNKPHeng  |9 267622 
650 0 7 |a Communication technology  |2 SNKPHeng  |9 267940 
655 7 |a zborníky konferencií  |2 SNKPH  |9 70153 
655 7 |a Proceedings of conferences  |2 SNKPHeng  |9 265791 
700 1 |a Vrábel, Ján  |4 edt  |9 329003 
700 1 |a Brída, Peter  |4 edt  |9 323615 
852 |a Štátna vedecká knižnica v Banskej Bystrici 
919 |a 978-80-554-0369-4 
958 |a NB 
999 |c 577952  |d 579882 
952 |a SNK  |b SNK  |y PREZ  |7 0  |p 17A1082540  |o snkSC 156130/1  |i snk2013/22520  |8 0  |0 0  |1 0  |4 0  |d 2013-09-24  |f 1  |l 0  |r 2025-08-18 00:00:00  |w 2026-02-23 
952 |a SNK  |b SNK  |y VYP  |7 0  |p 17A1082539  |o snkSC 156130/1 D1  |i snk2013/22521  |8 0  |0 0  |1 0  |4 0  |d 2013-09-24  |l 0  |r 2026-02-23 14:39:40  |w 2026-02-23